|
|
|
|
| LEADER |
00000nam0a2200000 4500 |
| 001 |
78177 |
| 005 |
20231031093734.0 |
| 035 |
|
|
|a (RuTPU)RU\TPU\book\83788
|
| 090 |
|
|
|a 78177
|
| 100 |
|
|
|a 20050611d1980 m y0rusy50 ca
|
| 101 |
0 |
|
|a rus
|
| 102 |
|
|
|a RU
|
| 105 |
|
|
|a a j 001zy
|
| 200 |
1 |
|
|a Альбом технологических схем основных производств резиновой промышленности
|e учебное пособие
|f А. А. Мухутдинов, В. П. Дорожкин, Ю. О. Аверко-Антонович, М. А. Поляк
|
| 210 |
|
|
|a Москва
|c Химия
|d 1980
|
| 215 |
|
|
|a 76 с.
|c ил.
|
| 320 |
|
|
|a Библиогр.: с. 72
|
| 610 |
1 |
|
|a резиновая промышленность
|
| 610 |
1 |
|
|a альбомы
|
| 610 |
1 |
|
|a производства
|
| 610 |
1 |
|
|a шины
|
| 610 |
1 |
|
|a технические изделия
|
| 610 |
1 |
|
|a резиновая обувь
|
| 675 |
|
|
|a 678.4(075.8)
|v 3
|
| 701 |
|
1 |
|a Мухутдинов
|b А. А.
|g Асхат Ахметович
|
| 701 |
|
1 |
|a Дорожкин
|b В. П.
|g Валерий Петрович
|
| 701 |
|
1 |
|a Аверко-Антонович
|b Ю. О.
|g Юрий Олегович
|
| 701 |
|
1 |
|a Поляк
|b М. А.
|g Марк Андреевич
|
| 801 |
|
1 |
|a RU
|b 63413507
|c 20050611
|g PSBO
|
| 801 |
|
2 |
|a RU
|b 63413507
|c 20050623
|g PSBO
|
| 942 |
|
|
|c BK
|